[Event "Titled Tuesday intern op 11th Apr Early"]
[Site "Chess.com INT"]
[Date "2023.04.11"]
[Round "1"]
[White "Eldesoky, Hatem"]
[Black "Ilkhomi, Jaloliddin"]
[Result "0-1"]
[WhiteElo "2236"]
[BlackElo "2040"]
[PlyCount "124"]
[EventDate "2023.04.11"]
[EventType "swiss (blitz)"]
[EventRounds "11"]
[EventCountry "USA"]
[SourceTitle "CBM 213 Extra"]
[Source "ChessBase"]
[SourceDate "2023.05.31"]
[SourceVersion "1"]
[SourceVersionDate "2023.05.31"]
[SourceQuality "1"]

1. Nf3 Nf6 2. g3 e6 3. Bg2 d5 4. 0-0 b6 5. d3 Bb7 6. Nbd2 Nbd7 7. b3 c5 8. Bb2 Qc7 9. Re1 Bd6 10. e4 dxe4 11. Nxe4 Nxe4 12. dxe4 Ne5 13. c4 Rd8 14. Qc2 Nxf3+ 15. Bxf3 Be5 16. Rad1 0-0 17. Bg2 h6 18. Bxe5 Qxe5 19. f4 Qc7 20. e5 Rxd1 21. Rxd1 Bxg2 22. Kxg2 Rd8 23. Kf2 Rd7 24. Rd2 Qd8 25. Ke2 Rd4 26. Qc3 Rxd2+ 27. Qxd2 Qa8 28. Qe3 Qh1 29. Qf2 h5 30. Kd3 g6 31. Kc3 Qa1+ 32. Qb2 Qg1 33. Qd2 Kg7 34. Kb2 h4 35. gxh4 Qg4 36. Qe3 Qxh4 37. h3 Qh5 38. Ka3 Qd1 39. Ka4 Qd7+ 40. Ka3 Qd1 41. Ka4 a6 42. Ka3 Qd7 43. Kb2 Qc6 44. a3 b5 45. Kc3 a5 46. cxb5 Qxb5 47. Qd3 Qb7 48. a4 Qb4+ 49. Kc2 Qxf4 50. Qc3 Qe4+ 51. Kb2 Qe2+ 52. Ka3 Qf1 53. Kb2 Qg2+ 54. Ka3 Qd5 55. Qxa5 Qxe5 56. Ka2 Qd4 57. Qe1 e5 58. a5 e4 59. a6 e3 60. a7 Qd2+ 61. Qxd2 exd2 62. a8Q d1Q 0-1

[Event "Titled Tuesday intern op 11th Apr Early"]
[Site "Chess.com INT"]
[Date "2023.04.11"]
[Round "2"]
[White "Eldesoky, Hatem"]
[Black "Zakhartsov, Vladimir"]
[Result "0-1"]
[WhiteElo "2236"]
[BlackElo "2547"]
[PlyCount "56"]
[EventDate "2023.04.11"]
[EventType "swiss (blitz)"]
[EventRounds "11"]
[EventCountry "USA"]
[SourceTitle "CBM 213 Extra"]
[Source "ChessBase"]
[SourceDate "2023.05.31"]
[SourceVersion "1"]
[SourceVersionDate "2023.05.31"]
[SourceQuality "1"]

1. Nf3 g6 2. g3 Bg7 3. Bg2 c6 4. 0-0 d5 5. d3 e5 6. Nbd2 Ne7 7. e4 0-0 8. Re1 dxe4 9. dxe4 h6 10. b3 Be6 11. Bb2 Qc7 12. Qe2 Nd7 13. Rad1 b6 14. Nc4 b5 15. Ne3 a5 16. c4 b4 17. Nc2 Rfb8 18. Qd2 Nc5 19. Qd6 Qxd6 20. Rxd6 a4 21. Bxe5 axb3 22. axb3 Bxe5 23. Nxe5 Nxb3 24. Nxc6 Nxc6 25. Rxc6 Na5 26. Rc5 b3 27. Ne3 b2 28. Rb1 Nb3 0-1

[Event "Mahalla op 16th"]
[Site "Mahalla"]
[Date "2015.07.28"]
[Round "5"]
[White "Rahman, Yehya"]
[Black "Eldesoky, Hatem"]
[Result "1/2-1/2"]
[WhiteElo "2230"]
[BlackElo "2249"]
[PlyCount "100"]
[EventDate "2015.07.24"]
[EventType "swiss"]
[EventRounds "9"]
[EventCountry "EGY"]
[SourceTitle "EXT 2016"]
[Source "ChessBase"]
[SourceDate "2015.10.08"]
[SourceVersion "1"]
[SourceVersionDate "2015.10.08"]
[SourceQuality "1"]

1. d4 d5 2. c4 e5 3. dxe5 d4 4. Nf3 Nc6 5. Nbd2 Nge7 6. Nb3 Nf5 7. e4 dxe3 8. Qxd8+ Nxd8 9. fxe3 Be7 10. Bd3 0-0 11. 0-0 c5 12. Be4 Rb8 13. a4 Nc6 14. Bd2 Nh6 15. h3 Re8 16. Bd5 Bf8 17. e4 Be6 18. Nc1 Nb4 19. Ne2 f6 20. Bxh6 gxh6 21. Bxe6+ Rxe6 22. Nf4 Rb6 23. a5 Ra6 24. Nd5 Bg7 25. exf6 Bxf6 26. Nxf6+ Rxf6 27. Rad1 Rf4 28. Rfe1 Re8 29. e5 Nc6 30. a6 bxa6 31. b3 Nd4 32. Nxd4 Rxd4 33. Rxd4 cxd4 34. Kf2 Rb8 35. Rb1 a5 36. Ke2 Rb4 37. Kd3 a4 38. Kxd4 a5 39. Kc3 Kf7 40. Rf1+ Ke6 41. bxa4 Kxe5 42. Re1+ Kd6 43. Ra1 Kc5 44. Rf1 Rxc4+ 45. Kb3 Rb4+ 46. Kc3 Rc4+ 47. Kb3 Rd4 48. Rf5+ Rd5 49. Rf3 Rd4 50. Rf5+ Rd5 1/2-1/2

[Event "Cairo Africa zt 4.2"]
[Site "Cairo"]
[Date "2014.11.24"]
[Round "3"]
[White "Eldesoky, Hatem"]
[Black "Sarwat, Walaa"]
[Result "0-1"]
[WhiteElo "2318"]
[BlackElo "2330"]
[PlyCount "100"]
[EventDate "2014.11.22"]
[EventType "swiss"]
[EventRounds "9"]
[EventCountry "EGY"]
[SourceTitle "CBM 163 Extra"]
[Source "ChessBase"]
[SourceDate "2014.12.23"]
[SourceVersion "1"]
[SourceVersionDate "2014.12.23"]
[SourceQuality "1"]

1. e4 e5 2. f4 Bc5 3. Nf3 d6 4. c3 Bb6 5. d4 exd4 6. cxd4 Ne7 7. Nc3 a6 8. Bc4 c6 9. Qb3 0-0 10. Be3 Ba5 11. Bd3 b5 12. 0-0 d5 13. Qc2 dxe4 14. Bxe4 f5 15. Qb3+ Kh8 16. Bc2 b4 17. Na4 Nd5 18. Ne5 Bc7 19. Nc5 a5 20. Rf3 Qd6 21. Qd3 Na6 22. Ba4 Ne7 23. Rc1 Nxc5 24. Rxc5 Be6 25. Bxc6 Rad8 26. Qc2 Bb6 27. Nc4 Bxc4 28. Rxc4 Qf6 29. d5 Nxd5 30. Bxd5 Rxd5 31. h3 h6 32. Bxb6 Qxb6+ 33. Kh2 Rfd8 34. Rc7 Qb5 35. Rc8 a4 36. Rg3 Rxc8 37. Qxc8+ Kh7 38. Qe6 Kh8 39. Qg6 Rd7 40. Re3 Rd8 41. Re7 Rg8 42. Re5 Qc4 43. Rxf5 Qxa2 44. Rf7 Qxb2 45. h4 a3 46. f5 Qe5+ 47. Kh3 a2 48. f6 Qe6+ 49. Kh2 Qxf7 50. Qxf7 a1Q 0-1

[Event "Mahalla op 15th"]
[Site "Mahalla"]
[Date "2014.04.30"]
[Round "8"]
[White "Hassan, Sayed Barakat"]
[Black "Eldesoky, Hatem"]
[Result "1-0"]
[WhiteElo "2333"]
[BlackElo "2307"]
[PlyCount "145"]
[EventDate "2014.04.22"]
[EventType "swiss"]
[EventRounds "9"]
[EventCountry "EGY"]
[SourceTitle "EXT 2015"]
[Source "ChessBase"]
[SourceDate "2014.11.20"]
[SourceVersion "1"]
[SourceVersionDate "2014.11.20"]
[SourceQuality "1"]

1. e4 c6 2. Nc3 d5 3. f4 Nh6 4. d4 Bg4 5. Be2 Bxe2 6. Qxe2 dxe4 7. Qxe4 e6 8. Nf3 Be7 9. Be3 Nd7 10. h3 Nf5 11. Bf2 Bb4 12. 0-0 Bxc3 13. bxc3 Nb6 14. Nd2 Qd5 15. Qd3 Nd6 16. Rfb1 g5 17. Re1 Nbc4 18. Nxc4 Nxc4 19. f5 0-0-0 20. fxe6 fxe6 21. Bg3 b6 22. Be5 Rhg8 23. Qxh7 Qd7 24. Qxd7+ Kxd7 25. g4 Rdf8 26. Re2 Rf7 27. Rf1 Rgf8 28. Rxf7+ Rxf7 29. Kg2 Ke7 30. Bg3 Rh7 31. Be1 b5 32. Kg3 Nb6 33. Re5 Kf6 34. Rc5 Nd5 35. Rxc6 Rc7 36. Rc5 Rb7 37. Rc8 Rc7 38. Rxc7 Nxc7 39. Kf3 Ne8 40. Bd2 Nd6 41. Be1 Kg6 42. Bg3 Nc4 43. Ke4 Kf6 44. Bh2 Nd2+ 45. Kd3 Nc4 46. Bc7 Ke7 47. Bg3 Kf6 48. Bf2 a6 49. Be3 Nd6 50. Bc1 Nf7 51. d5 e5 52. a4 Nd6 53. axb5 axb5 54. Be3 Nc4 55. Bc5 Nb2+ 56. Ke4 Nd1 57. d6 Nxc3+ 58. Kd3 Na4 59. Be3 Ke6 60. Bxg5 Nc5+ 61. Ke3 Kxd6 62. h4 Ke6 63. h5 Kf7 64. Bh4 Ke6 65. g5 Kf5 66. g6 Ne6 67. Bg3 e4 68. c3 Kg5 69. Be5 Kh6 70. Kxe4 Ng5+ 71. Kf5 Kxh5 72. g7 Nf7 73. Bf4 1-0

[Event "Cairo Egyptian op"]
[Site "Cairo"]
[Date "2011.11.28"]
[Round "9"]
[White "Abdel Razik, Khaled"]
[Black "Eldesoky, Hatem"]
[Result "1-0"]
[WhiteElo "2432"]
[BlackElo "2265"]
[PlyCount "55"]
[EventDate "2011.11.19"]
[EventType "swiss"]
[EventRounds "9"]
[EventCountry "EGY"]
[SourceTitle "CBM 145 Extra"]
[Source "ChessBase"]
[SourceDate "2012.01.03"]
[SourceVersion "1"]
[SourceVersionDate "2012.01.03"]
[SourceQuality "1"]

1. d4 d5 2. c4 e6 3. Nf3 Nf6 4. Nc3 Be7 5. Bf4 0-0 6. e3 c5 7. Bd3 cxd4 8. exd4 dxc4 9. Bxc4 Nc6 10. 0-0 b6 11. a3 Bb7 12. Re1 Rc8 13. Ba2 Bd6 14. Be5 a6 15. Qe2 Ne7 16. Ng5 Ned5 17. Nxd5 Nxd5 18. Qg4 Bxe5 19. dxe5 Qc7 20. Qg3 Qe7 21. Ne4 Kh8 22. Rad1 Rcd8 23. Rd4 f5 24. Nd6 Ba8 25. Rc1 g5 26. Bxd5 Bxd5 27. Qc3 Qg7 28. Qc7 1-0

[Event "Mahalla op 11th"]
[Site "Mahalla"]
[Date "2009.02.04"]
[Round "7"]
[White "Eldesoky, Hatem"]
[Black "Tolba, Hosni"]
[Result "1-0"]
[WhiteElo "2254"]
[BlackElo "2050"]
[PlyCount "75"]
[EventDate "2009.01.30"]
[EventType "swiss"]
[EventRounds "9"]
[EventCountry "EGY"]
[SourceTitle "CBM 128 Extra"]
[Source "ChessBase"]
[SourceDate "2009.03.05"]
[SourceVersion "2"]
[SourceVersionDate "2009.03.25"]
[SourceQuality "1"]

1. e4 Nc6 2. Nf3 d6 3. d4 Nf6 4. Nc3 Bg4 5. Be3 e5 6. Be2 Be7 7. h3 Bxf3 8. Bxf3 exd4 9. Bxd4 Nxd4 10. Qxd4 0-0 11. 0-0-0 c5 12. Qd3 Qa5 13. g4 Rab8 14. Qb5 Qc7 15. g5 Ne8 16. h4 a6 17. Qe2 Qa5 18. Bg4 Nc7 19. Kb1 b5 20. f4 b4 21. Nd5 Nxd5 22. Rxd5 Qc7 23. Rf1 Rfe8 24. h5 c4 25. Bf5 g6 26. hxg6 fxg6 27. Be6+ Kh8 28. f5 Bxg5 29. fxg6 Rxe6 30. Rxg5 Rxg6 31. Rxg6 hxg6 32. Rh1+ Kg8 33. Qg4 Qf7 34. Qh3 Qb7 35. e5 Kf8 36. Qh8+ Ke7 37. Qf6+ Kd7 38. Rh7+ 1-0

[Event "Assiut op 04th"]
[Site "Assiut"]
[Date "2008.07.21"]
[Round "3"]
[White "Eldesoky, Hatem"]
[Black "Salama, Mohamed"]
[Result "1-0"]
[WhiteElo "2233"]
[BlackElo "2101"]
[PlyCount "86"]
[EventDate "2008.07.19"]
[EventType "swiss"]
[EventRounds "9"]
[EventCountry "EGY"]
[SourceTitle "EXT 2009"]
[Source "ChessBase"]
[SourceDate "2008.11.26"]
[SourceVersion "1"]
[SourceVersionDate "2008.11.26"]
[SourceQuality "1"]

1. e4 c5 2. Nf3 d6 3. d4 cxd4 4. Nxd4 Nf6 5. Nc3 a6 6. Bg5 e6 7. f4 b5 8. Qf3 Bb7 9. Bd3 Nbd7 10. 0-0-0 Be7 11. Rhe1 Qb6 12. Qe3 h6 13. Bxf6 Bxf6 14. Nce2 h5 15. Kb1 g6 16. c3 Rc8 17. f5 e5 18. fxg6 fxg6 19. Nc2 Qxe3 20. Nxe3 Nc5 21. Nd5 0-0 22. Bc2 Kg7 23. Rf1 Bxd5 24. Rxd5 Be7 25. Rdd1 h4 26. b4 Ne6 27. Kb2 g5 28. g3 Kg6 29. a4 bxa4 30. Bxa4 Rxf1 31. Rxf1 Rf8 32. Rxf8 Bxf8 33. Be8+ Kf6 34. Bd7 Nc7 35. Bc8 Be7 36. Kb3 Bd8 37. c4 Kg6 38. Kc3 Kh5 39. g4+ Kg6 40. h3 Kg7 41. Kd3 Be7 42. Kc3 Bd8 43. Kd3 Kf8 1-0

[Event "EGY-ch final"]
[Site "Cairo"]
[Date "2007.12.04"]
[Round "4"]
[White "Abdel Aziem, Ramadan"]
[Black "Eldesoky, Hatem"]
[Result "1-0"]
[WhiteElo "2296"]
[BlackElo "2213"]
[PlyCount "65"]
[EventDate "2007.12.01"]
[EventType "swiss"]
[EventRounds "9"]
[EventCountry "EGY"]
[SourceTitle "EXT 2019"]
[Source "ChessBase"]
[SourceDate "2018.10.10"]
[SourceVersion "1"]
[SourceVersionDate "2018.10.10"]
[SourceQuality "1"]

1. e4 c6 2. Nc3 d5 3. Nf3 Bg4 4. h3 Bh5 5. exd5 cxd5 6. Bb5+ Nc6 7. g4 Bg6 8. Ne5 Rc8 9. d4 e6 10. h4 Bb4 11. h5 Be4 12. f3 Nge7 13. fxe4 0-0 14. Nxc6 Nxc6 15. 0-0 Nxd4 16. Bd3 Qh4 17. Kg2 Bxc3 18. Rh1 Qe7 19. bxc3 dxe4 20. cxd4 exd3 21. Qxd3 e5 22. c3 e4 23. Qe3 f5 24. gxf5 Rxf5 25. Rh3 Rcf8 26. Bd2 Rf3 27. Rxf3 exf3+ 28. Kg3 Qc7+ 29. Qe5 Qc4 30. h6 Rf7 31. Kf2 g6 32. Re1 Qd3 33. Qh8+ 1-0

[Event "EGY-chT 0708"]
[Site "Egypt"]
[Date "2007.11.09"]
[Round "2"]
[White "Eldesoky, Hatem"]
[Black "Tawfeik, Moustafa"]
[Result "0-1"]
[WhiteElo "2212"]
[BlackElo "2160"]
[PlyCount "74"]
[EventDate "2007.11.02"]
[EventType "team-tourn"]
[EventRounds "3"]
[EventCountry "EGY"]
[SourceTitle "EXT 2009"]
[Source "ChessBase"]
[SourceDate "2008.11.26"]
[SourceVersion "1"]
[SourceVersionDate "2008.11.26"]
[SourceQuality "1"]
[WhiteTeam "Imbaba"]
[BlackTeam "Asiut"]
[WhiteTeamCountry "EGY"]
[BlackTeamCountry "EGY"]

1. e4 d6 2. d4 g6 3. d5 Nf6 4. Bd3 Bg7 5. c4 0-0 6. Nc3 e6 7. Nge2 exd5 8. Nxd5 c6 9. Nxf6+ Bxf6 10. Nc3 Nd7 11. 0-0 Ne5 12. Be2 Be6 13. Qa4 a6 14. Be3 b5 15. cxb5 axb5 16. Qb4 Nc4 17. Bh6 Re8 18. Bf3 Ra5 19. Rfe1 Ne5 20. Nd1 Nd3 21. Qd2 Nxe1 22. Qxe1 Rxa2 23. Rc1 c5 24. Qd2 b4 25. Be2 Bd4 26. Bg5 Re7 27. Be3 Bxe3 28. Nxe3 Rea7 29. f4 Ra1 30. f5 Rxc1+ 31. Qxc1 Bb3 32. h3 Qb6 33. Qe1 Ra2 34. fxg6 hxg6 35. Qf2 Ra1+ 36. Bf1 Be6 37. Qf3 Rb1 0-1

[Event "EGY-chT 0708"]
[Site "Egypt"]
[Date "2007.11.02"]
[Round "1"]
[White "Eldesoky, Hatem"]
[Black "Sheded, Ahmed"]
[Result "1-0"]
[WhiteElo "2212"]
[BlackElo "2065"]
[PlyCount "103"]
[EventDate "2007.11.02"]
[EventType "team-tourn"]
[EventRounds "3"]
[EventCountry "EGY"]
[SourceTitle "EXT 2009"]
[Source "ChessBase"]
[SourceDate "2008.11.26"]
[SourceVersion "1"]
[SourceVersionDate "2008.11.26"]
[SourceQuality "1"]
[WhiteTeam "Imbaba"]
[BlackTeam "El Helal"]
[WhiteTeamCountry "EGY"]
[BlackTeamCountry "EGY"]

1. e4 c5 2. Nf3 e6 3. d4 cxd4 4. Nxd4 Nf6 5. Nc3 Qc7 6. Be2 a6 7. 0-0 Nc6 8. Be3 b5 9. Nxc6 dxc6 10. f4 Bb4 11. a4 Bb7 12. e5 Bxc3 13. bxc3 Nd7 14. c4 b4 15. c5 a5 16. c4 0-0-0 17. Qe1 g6 18. Bf2 h6 19. Rd1 g5 20. Rd6 Nf8 21. Bh5 g4 22. Qe2 Rxd6 23. cxd6 Qd7 24. Qxg4 Ng6 25. Bxg6 Rg8 26. Qh4 c5 27. Qe7 Rxg6 28. Qf8+ Qd8 29. Qxd8+ Kxd8 30. g3 Be4 31. Bxc5 Kd7 32. Kf2 b3 33. Ke3 Bf5 34. Ba3 Rg8 35. Kd4 Rb8 36. Kc3 h5 37. Rf2 Bc2 38. Rd2 Rg8 39. Rg2 Bf5 40. h4 Bc2 41. Bc5 Rc8 42. Bb6 Rxc4+ 43. Kxc4 b2 44. Rg1 b1Q 45. Rxb1 Bxb1 46. Bxa5 Kc6 47. Bd2 Be4 48. a5 Bg2 49. Kd4 Bf1 50. Ke3 f5 51. exf6 Kxd6 52. Bb4+ 1-0